Nghiên cứu chiết tách và xác định thành phần hóa học trong tinh dầu Nghệ đen Nghệ An
Định nghĩa về tinh dầu, vai trò của tinh dầu trong đời sống thực vật, tính chất của tinh dầu. Ứng dụng của tinh dầu trong đời sống. Nghệ và công dụng của một số loại nghệ...
Na minha lista:
| Autor principal: | |
|---|---|
| Outros Autores: | |
| Formato: | Livro |
| Idioma: | Vietnamese |
| Publicado em: |
Đà Nẵng
ĐH Đà Nẵng
2009
|
| Assuntos: | |
| Tags: |
Adicionar Tag
Sem tags, seja o primeiro a adicionar uma tag!
|
| Thư viện lưu trữ: | Mạng thư viện Đại học Đà Nẵng |
|---|
| LEADER | 01517nam a2200349 4500 | ||
|---|---|---|---|
| 001 | 000010477 | ||
| 003 | 6682 | ||
| 005 | 20111214091218.0 | ||
| 008 | 111214s2009 viesd | ||
| 041 | |a vie | ||
| 082 | |a 664.5 |b LE-L | ||
| 100 | |a Lê Hải Lợi |e Tác giả | ||
| 245 | |a Nghiên cứu chiết tách và xác định thành phần hóa học trong tinh dầu Nghệ đen Nghệ An |c Lê Hải Lợi | ||
| 260 | |a Đà Nẵng |b ĐH Đà Nẵng |c 2009 | ||
| 300 | |a 95 tr |c 29 cm |e 1 tóm tắt | ||
| 500 | |a Luận văn Thạc sĩ Khoa học. Chuyên ngành: Hóa hữu cơ. Mã số: 60.44.27 | ||
| 520 | |a Định nghĩa về tinh dầu, vai trò của tinh dầu trong đời sống thực vật, tính chất của tinh dầu. Ứng dụng của tinh dầu trong đời sống. Nghệ và công dụng của một số loại nghệ... | ||
| 653 | |a Luận văn | ||
| 653 | |a Thạc sĩ Khoa học | ||
| 653 | |a Hóa hữu cơ | ||
| 653 | |a Nghệ đen | ||
| 700 | |a Đào Hùng Cường |c PGS.TS. |e Người hướng dẫn | ||
| OWN | |a LSP | ||
| AVA | |a UDN50 |b LSP |d 664.5 LE-L |e available |t Error 5001 Not defined in file expand_doc_bib_avail. |f 1 |g 0 |h N |i 0 |k 1 | ||
| 999 | |a From the UDN01 | ||
| AVA | |a UDN50 |b LSP |d 664.5 LE-L |e available |t Error 5001 Not defined in file expand_doc_bib_avail. |f 1 |g 0 |h N |i 0 |k 1 | ||
| TYP | |a Monograph | ||
| TYP | |a Printed language | ||
| 980 | |a Mạng thư viện Đại học Đà Nẵng | ||